000 00402nam a2200181Ia 4500
001 878
005 20260306140550.0
008 260306t2005||||xx |||||||||||||| ||spa||
041 _aESP
082 _a171
_bR78
100 _aRojas, Enrique
_eAUT
245 0 _aEl hombre light:
_buna vida sin valores
260 _c2005
300 _a
_c
650 _aGEN
654 _aCHU
942 _cLIB
_dJUS
_fJUS
_2ddc
_n
999 _c878
_d878